[Event "Caracas ITT 1st"]
[Site "Caracas"]
[Date "2015.12.01"]
[Round "4"]
[White "Guerrero Vargas, Andres Jesus"]
[Black "Alberto, Martin"]
[Result "1-0"]
[WhiteElo "2296"]
[BlackElo "2179"]
[PlyCount "74"]
[EventDate "2015.11.28"]
[EventType "tourn"]
[EventRounds "9"]
[EventCountry "VEN"]
[SourceTitle "CBM 170 Extra"]
[Source "ChessBase"]
[SourceDate "2016.02.25"]
[SourceVersion "1"]
[SourceVersionDate "2016.02.25"]
[SourceQuality "1"]

1. d4 d5 2. c4 e6 3. Nc3 Nf6 4. Nf3 Be7 5. Bf4 0-0 6. e3 c6 7. Qc2 Nbd7 8. h3 a6 9. Rd1 b5 10. c5 b4 11. Nb1 Ne4 12. Bd3 f5 13. 0-0 a5 14. Qe2 Bf6 15. Bh2 Re8 16. Qc2 Ba6 17. Bxa6 Rxa6 18. Ne1 g6 19. f3 Ng5 20. Nd2 Nf7 21. Qd3 Ra8 22. e4 Bg5 23. exd5 exd5 24. f4 Bf6 25. Nef3 Bg7 26. g4 fxg4 27. hxg4 Nf6 28. g5 Ng4 29. Rfe1 Nxh2 30. Kxh2 Qd7 31. Ne5 Bxe5 32. dxe5 Nd8 33. Ne4 Qf7 34. Nf6+ Kf8 35. f5 gxf5 36. Qxf5 Re6 37. Rf1 Ke7 1-0